Compendi de la contribució sobre les utilitats de la riquesa mobiliària : resum de les explicacions donades per en / Camil Companys i Jover resum de les explicacions donades per en / Camil Companys i Jover
Descripción Física:
60, [11] p. : quadres ; 21 cm
MARC
| LEADER | 00000nam a2200000Ia 4500 | ||
|---|---|---|---|
| 001 | 18275 | ||
| 008 | 160829s9999 xx 000 0 cat d | ||
| 080 | |a M-5-266 | ||
| 100 | |a Companys i Jover, Camil |9 46604 | ||
| 245 | |a Compendi de la contribució sobre les utilitats de la riquesa mobiliària : |b resum de les explicacions donades per en / Camil Companys i Jover | ||
| 260 | |a Barcelona : |b Gráficas Bosch, [1931?] | ||
| 300 | |a 60, [11] p. : |b quadres ; |c 21 cm | ||
| 590 | |a Prové de 4256 | ||
| 650 | |a Béns mobles |x Compendis, programes d'estudi, etc. |9 46605 | ||
| 650 | |a Impostos sobre béns mobles |x Espanya |9 46606 | ||
| 901 | |a Arxiu | ||
| 942 | |n 1 | ||
| 952 | |0 0 |1 0 |4 0 |6 M5266 |7 1 |9 53310 |a Arxiu |b Arxiu |d 2016-12-01 |l 0 |o M-5-266 |p 18275 |r 2016-12-01 00:00:00 |w 2016-12-01 |y ARXIU | ||
| 999 | |c 57174 |d 57174 | ||